LEADER 01318nam a2200289 u 4500 001 000000003583 003 CaOOAMICUS 005 20070226104544.0 008 940921s1952 fr u000 u fre u 035 $a10094036 040 $aPUL(R)$bita$dPUL(R) 100 1 $aGilson, Etienne,$d1884-1978.$0(OLS)http://pul/name/629 245 10$aJean Duns Scot :$bintroduction à ses positions fondamentales /$cpar Etienne Gilson. 260 $aParis :$bJ. Vrin,$c1952. 300 $a700 p. ;$c25 cm 490 1 $aEtudes de philosophie médiévale ;$v42 600 14$aDuns Scotus, Iohannes,$cb.,$d1266-1308$xFilosofia.$0(OLS)http://pul/subject/2289 830 0$aEtudes de philosophie médiévale ;$v42.$0(OLS)http://pul/title/1367 850 $aPUL 852 $aPUL$W1$xDP1 Fondo Giannini$y60$m1559 A 30$j4769$nBK-PRI$b $qFondi$B4769$CPULBib$Z2$F4769 $H $81 852 $aPUL$W1$xSL Filosofia 2$y80$mPhil A4 42$j4770$nBK-PRI$b $qStampati altre collocazioni$B4770$CPULBib$Z2$F4770 $H $81 941 1 $a10 941 1 $a1 961 $aINV: F: Giannini 961 $aINV: 16696 996 $6245$aJean Duns Scot :$bintroduction à ses positions fondamentales$9(OLS)http://pul/title/5244 996 $6260$aParis :$bJ. Vrin$9(OLS)http://pul/publisher/48393 LEADER 02382nam a2200445 u 4500 001 000000008908 003 CaOOAMICUS 005 20070226105139.0 008 941209s1961 fr u000 u fre u 035 $a10227417 040 $aIAR$bita 041 1 $afre$alat 100 0 $aEthelredus,$cs.,$d1110-1167.$0(OLS)http://pul/name/1982 240 10$aDe institutione inclusarum$9(Ethelredus, s., 1110-1167).$lFrancese e latino.$0(OLS)http://pul/title/13081 245 13$aLa vie recluse ; La prière pastorale /$cAelred de Rievaulx ; texte latin, introduction, traduction et notes par Charles Dumont. 246 30$aPrière pastorale 260 $aParis :$bLes Éditions du Cerf,$c1961. 300 $a215 p., 1 f. ;$c21 cm 490 1 $aSources chrétiennes ;$v76. 490 1 $aSources chrétiennes.$aSérie des textes monastiques d'Occident ;$v6. 500 $aIncludes Latin text, with French translation, of De institutione inclusarum and Oratio pastoralis. 504 $aBibliographical footnotes. 650 0$aMonastic and religious life of women$xEarly works to 1800.$2//eng$0(OLS)http://pul/subject/7439 650 0$aHermits$xEarly works to 1800.$2//eng$0(OLS)http://pul/subject/7440 650 0$aPrayers, Medieval.$2//eng$0(OLS)http://pul/subject/7441 700 1 $aDumont, Charles,$cO.C.S.O.,$d1918-2009.$0(OLS)http://pul/name/8891 700 02$aEthelredus,$cs.,$d1110-1167.$tOratio pastoralis$9(Ethelredus, s., 1110-1167)$lFrancese e latino.$0(OLS)http://pul/name/8890 830 0$aSources chrétiennes.$pSérie des textes monastiques d'Occident ;$v6.$0(OLS)http://pul/title/2596 830 0$aSources chrétiennes ;$v76.$0(OLS)http://pul/title/45 850 $aPUL 852 $aPUL$W1$xSL Religione 2$y84$mTheol E3 76$j12563$nBK-PRI$b $qStampati altre collocazioni$B12563$CPULBib$Z2$F12563 $81 900 $aElredo,$cde Rieval, s.,$d1110-1167$91982 900 $aAelred de Rievaux,$cs.,$d1110-1167$91982 900 $aAelred, $bdi Rievaulx,$cs.,$d1110-1167$91982 900 $aAelredus Rievallensis,$cs.,$d1110-1167?$91982 900 $aRievaulx, Aelred de,? $cs.,$d1110-1167$91982 941 1 $a10 996 $6245$aLa vie recluse ; La prière pastorale$9(OLS)http://pul/title/13082 996 $6246$aPrière pastorale$9(OLS)http://pul/title/13083 996 $6260$aParis :$bLes Éditions du Cerf$9(OLS)http://pul/publisher/47861